Statistics for How Many Borders?

Click here to take the quiz!

General Stats

  • This quiz has been taken 29 times
    (22 since last reset)
  • The average score is 12 of 15

Answer Stats

QuestionAnswer% Correct
Start: Germany
Finish: Russia
2
95%
Start: Turkey
Finish: Bulgaria
1
90%
Start: Spain
Finish: Belgium
2
90%
Start: Mongolia
Finish: India
2
90%
Start: Colombia
Finish: Costa Rica
2
90%
Start: North Korea
Finish: Norway
2
85%
Start: Somalia
Finish: South Africa
4
85%
Start: Brazil
Finish: Peru
1
80%
Start: Monaco
Finish: Italy
2
80%
Start: Egypt
Finish: Morocco
3
80%
Start: Armenia
Finish: Israel
3
70%
Start: Lesotho
Finish: Malawi
3
70%
Start: Yemen
Finish: Kazakhstan
5
65%
Start: Laos
Finish: Myanmar
1
55%
Start: Moldova
Finish: Germany
3
55%

Score Distribution

Percentile by Number Answered

Percent of People with Each Score

Your Score History

You have not taken this quiz since the last reset